00816nam a22002417a 450000500170000001000130001702000220003003500130005203700160006504000120008108200160009310000250010924500630013426000440019727000350024130000240027650000200030065000640032065000230038494200250040799900190043295201230045120170124110132.0 aA-216164 c00.00a0133774570 aA-216164 bCen Lib/Ret aDPLbEN a621.34bLEN aLenk, John D.932412 aHandbook of electronic test procedures /cby John D. Lenk  aNew Jersey bPrentice Hall, Inc. c1982 bNew Jersey aenglewood cliffs  axiv, 300p.c21m(Hb) aIncludes index  aElectronic appartus appliances vHandbooks xTesting932413 aTesting z 932414 2ddccENh621.34mLEN c131662d131662 00104070aLbLd2015-07-15eCen Lib/Retg0.00l0o621.34 LENpA-216164r2015-07-15 00:00:00t1v0.00w2015-07-15yEN